[Event "Pirot SEE Schev"]
[Site "Pirot"]
[Date "2024.08.16"]
[Round "3.1"]
[White "Stoimenov, Roki"]
[Black "Zhang, Michelle"]
[Result "1-0"]
[WhiteElo "1985"]
[BlackElo "1686"]
[PlyCount "143"]
[EventDate "2024.08.15"]
[EventType "schev"]
[EventRounds "8"]
[EventCountry "SRB"]
[SourceTitle "CB34_2024"]
[SourceDate "2024.08.21"]
[SourceVersion "1"]
[SourceVersionDate "2024.08.21"]
[SourceQuality "1"]
[WhiteTeam "Team A"]
[BlackTeam "Team B"]
[WhiteTeamCountry "SRB"]
[BlackTeamCountry "SRB"]

1. Nf3 d5 2. c4 e6 3. cxd5 exd5 4. g3 Nf6 5. Bg2 Bd6 6. 0-0 0-0 7. b3 c6 8. Bb2 Nbd7 9. d3 Re8 10. Re1 Ne5 11. Nbd2 Nxf3+ 12. Nxf3 Bb4 13. Rf1 Qe7 14. a3 Ba5 15. b4 Bb6 16. Bxf6 Qxf6 17. d4 Bg4 18. e3 Qf5 19. Nh4 Bxd1 20. Nxf5 Bc2 21. Nh4 Bd8 22. Nf3 Be7 23. Rfc1 Bd3 24. Ne5 Ba6 25. Nd7 Bc4 26. e4 f6 27. exd5 cxd5 28. Nc5 Bxc5 29. dxc5 Re5 30. Rxc4 dxc4 31. Bxb7 Rb8 32. c6 Re7 33. Rc1 Rexb7 34. cxb7 Rxb7 35. Rxc4 Kf7 36. Re4 Rb6 37. a4 Rc6 38. Kf1 Rc2 39. b5 Ra2 40. g4 Kg6 41. h4 h5 42. g5 Kf5 43. gxf6 gxf6 44. f3 Ra1+ 45. Kf2 Ra2+ 46. Kg3 Ra3 47. Rc4 Ra1 48. Kf2 Ra2+ 49. Ke1 Ra3 50. Ke2 Ra2+ 51. Kd1 Ra3 52. Kc2 Rxf3 53. Rc7 Rf2+ 54. Kb3 Rf3+ 55. Kb4 Rf4+ 56. Ka5 Rxh4 57. Rxa7 Re4 58. b6 Re8 59. b7 Rb8 60. Kb6 h4 61. Ra8 Rxb7+ 62. Kxb7 h3 63. Rh8 Kg4 64. a5 f5 65. a6 Kg3 66. a7 f4 67. a8Q f3 68. Qg8+ Kf2 69. Rxh3 Ke2 70. Qa2+ Ke3 71. Qa3+ Ke4 72. Qxf3+ 1-0

[Event "Pirot SEE Schev"]
[Site "Pirot"]
[Date "2024.08.15"]
[Round "1.2"]
[White "Zhang, Kylie"]
[Black "Stoimenov, Roki"]
[Result "0-1"]
[WhiteElo "1816"]
[BlackElo "1985"]
[PlyCount "108"]
[EventDate "2024.08.15"]
[EventType "schev"]
[EventRounds "8"]
[EventCountry "SRB"]
[SourceTitle "CB34_2024"]
[SourceDate "2024.08.21"]
[SourceVersion "1"]
[SourceVersionDate "2024.08.21"]
[SourceQuality "1"]
[WhiteTeam "Team B"]
[BlackTeam "Team A"]
[WhiteTeamCountry "SRB"]
[BlackTeamCountry "SRB"]

1. e4 e6 2. d4 d5 3. Nc3 dxe4 4. Nxe4 Nf6 5. Nxf6+ Qxf6 6. Nf3 h6 7. Bd3 Bd7 8. 0-0 Bd6 9. Re1 0-0 10. Ne5 c5 11. Qe2 Bc6 12. Nxc6 Nxc6 13. Qe4 Rfe8 14. dxc5 Bxc5 15. Be3 Bxe3 16. Rxe3 Qxb2 17. Qh7+ Kf8 18. Rae1 Ke7 19. Bc4 Rh8 20. Qd3 Rad8 21. Qe2 Nd4 22. Qg4 Qxc2 23. Bb3 Nxb3 24. Rxb3 b6 25. Qxg7 Rd1 26. Rbe3 Rxe1+ 27. Rxe1 Qd2 28. Qe5 Rc8 29. Qe3 Qxe3 30. fxe3 Rc2 31. Ra1 Re2 32. a4 Rxe3 33. a5 b5 34. Kf2 Re4 35. Rc1 Rc4 36. Rb1 a6 37. Rb3 Ra4 38. Rh3 b4 39. Rh4 Kd6 40. Ke2 Kc5 41. Kd3 Rxa5 42. Rh5+ Kb6 43. Rxh6 Rc5 44. Rf6 b3 45. Rf2 a5 46. h4 a4 47. Rb2 Kb5 48. g4 Kb4 49. h5 a3 50. Rh2 a2 51. h6 a1Q 52. h7 Qc3+ 53. Ke4 Re5+ 54. Kf4 Qe3# 0-1

[Event "SRB-ch Central int"]
[Site "Dimitrovgrad"]
[Date "2023.08.27"]
[Round "9"]
[White "Petrov, Martin"]
[Black "Stoimenov, Roki"]
[Result "1-0"]
[WhiteElo "2499"]
[BlackElo "1943"]
[PlyCount "49"]
[EventDate "2023.08.20"]
[EventType "swiss"]
[EventRounds "9"]
[EventCountry "BUL"]
[SourceTitle "CBM 215 Extra"]
[Source "ChessBase"]
[SourceDate "2023.09.30"]
[SourceVersion "1"]
[SourceVersionDate "2023.09.30"]
[SourceQuality "1"]

1. e4 e6 2. d4 d5 3. Nc3 Nf6 4. e5 Nfd7 5. f4 c5 6. Nf3 Nc6 7. Be3 cxd4 8. Nxd4 Bb4 9. Be2 Nc5 10. 0-0 Bxc3 11. bxc3 Ne4 12. Qd3 f5 13. exf6 Qxf6 14. Bh5+ Ke7 15. c4 Rd8 16. cxd5 exd5 17. c4 Kf8 18. Rad1 Nb4 19. Qb1 Qe7 20. Rde1 g6 21. f5 gxh5 22. f6 Qe5 23. Qxb4+ Qd6 24. c5 Nxc5 25. Nb5 1-0

[Event "SRB-ch Central int"]
[Site "Dimitrovgrad"]
[Date "2023.08.22"]
[Round "3"]
[White "Srdanovic, Jovana"]
[Black "Stoimenov, Roki"]
[Result "1-0"]
[WhiteElo "2090"]
[BlackElo "1943"]
[PlyCount "125"]
[EventDate "2023.08.20"]
[EventType "swiss"]
[EventRounds "9"]
[EventCountry "BUL"]
[SourceTitle "CBM 215 Extra"]
[Source "ChessBase"]
[SourceDate "2023.09.30"]
[SourceVersion "1"]
[SourceVersionDate "2023.09.30"]
[SourceQuality "1"]

1. d4 Nf6 2. c4 g6 3. Nc3 Bg7 4. e4 d6 5. Be2 0-0 6. Be3 Nbd7 7. Nf3 e5 8. 0-0 a5 9. d5 Ne8 10. Ne1 f5 11. f3 Nc5 12. Nd3 b6 13. a3 Qh4 14. Nxc5 bxc5 15. Qd2 f4 16. Bf2 Qg5 17. Rfb1 h5 18. Nb5 h4 19. Kh1 Qe7 20. h3 Rf7 21. b4 Nf6 22. bxc5 dxc5 23. d6 cxd6 24. Qxd6 Nd7 25. Qxe7 Rxe7 26. Bxh4 Bf6 27. Bf2 Rh7 28. Nc7 Rb8 29. Rxb8 Nxb8 30. Nd5 Bd8 31. Rd1 Nd7 32. Rb1 Ba6 33. Nc3 Bc7 34. Na4 Bd6 35. Rd1 Bf8 36. Be1 Nb8 37. Bxa5 Rb7 38. Bb6 Nd7 39. Bd8 Kf7 40. Nc3 Ke8 41. Ba5 Rb3 42. a4 Be7 43. Nd5 Bb7 44. Nc7+ Kd8 45. Nb5+ Ke8 46. Bc7 Bc6 47. Ra1 Bd8 48. a5 Bxb5 49. Bxd8 Ba6 50. Bh4 Rb2 51. Bf1 Rc2 52. Kg1 Kf7 53. Rd1 Ke6 54. Ra1 Nb8 55. Bf2 Kd6 56. Rd1+ Kc6 57. Bd3 Ra2 58. g3 Rxa5 59. gxf4 exf4 60. e5 Bc8 61. Be4+ Kc7 62. Bh4 Ra6 63. Bd8# 1-0

[Event "SRB Central-ch"]
[Site "Pirot"]
[Date "2022.11.23"]
[Round "9"]
[White "Stoimenov, Roki"]
[Black "Chkhaidze, Nikoloz"]
[Result "0-1"]
[WhiteElo "2053"]
[BlackElo "2219"]
[PlyCount "76"]
[EventDate "2022.11.16"]
[EventType "swiss"]
[EventRounds "9"]
[EventCountry "SRB"]
[SourceTitle "CBM 211 Extra"]
[Source "ChessBase"]
[SourceDate "2023.01.31"]
[SourceVersion "1"]
[SourceVersionDate "2023.01.31"]
[SourceQuality "1"]

1. Nf3 Nf6 2. g3 g6 3. Bg2 Bg7 4. 0-0 0-0 5. c4 c5 6. Nc3 Nc6 7. d4 d6 8. d5 Na5 9. Qd3 e6 10. e4 exd5 11. cxd5 a6 12. Re1 b5 13. e5 dxe5 14. Nxe5 Bb7 15. Bg5 h6 16. Bxf6 Bxf6 17. f4 c4 18. Qd2 Qb6+ 19. Kh1 Rad8 20. f5 Bg7 21. fxg6 fxg6 22. Qc2 Rf2 23. Qe4 Kh7 24. Qg4 Rxg2 25. Kxg2 b4 26. Nc6 Nxc6 27. Re6 Ne5 28. Rxb6 Nxg4 29. Rxb7 bxc3 30. bxc3 Ne3+ 31. Kh3 Rxd5 32. g4 h5 33. Re1 hxg4+ 34. Kg3 Rd3 35. Re2 Kh6 36. Kf4 Nd5+ 37. Kxg4 Bxc3 38. Re6 Nf6+ 0-1

[Event "SRB-chT2 East"]
[Site "Serbia"]
[Date "2017.09.10"]
[Round "5.1"]
[White "Kulak, Dejan"]
[Black "Stoimenov, Roki"]
[Result "1/2-1/2"]
[WhiteElo "2180"]
[BlackElo "2016"]
[PlyCount "24"]
[EventDate "2017.09.08"]
[EventType "team-tourn"]
[EventRounds "11"]
[EventCountry "SRB"]
[SourceTitle "EXT 2022"]
[Source "ChessBase"]
[SourceDate "2021.10.06"]
[SourceVersion "1"]
[SourceVersionDate "2021.10.06"]
[SourceQuality "1"]

1. e4 e6 2. d4 d5 3. Nd2 dxe4 4. Nxe4 Bd7 5. Nf3 Bc6 6. Bd3 Bxe4 7. Bxe4 c6 8. Qe2 Nf6 9. Bd3 Nbd7 10. 0-0 Bd6 11. Bg5 Qc7 12. Rfe1 h6 1/2-1/2

[Event "SRB-chT2 East"]
[Site "Vrnjacka Banja"]
[Date "2015.10.10"]
[Round "10.17"]
[White "Dubravcic, Nikola"]
[Black "Stoimenov, Roki"]
[Result "0-1"]
[WhiteElo "1862"]
[BlackElo "2021"]
[PlyCount "97"]
[EventDate "2015.08.28"]
[EventType "team-tourn"]
[EventRounds "11"]
[EventCountry "SRB"]
[SourceTitle "EXT 2022"]
[Source "ChessBase"]
[SourceDate "2021.10.06"]
[SourceVersion "1"]
[SourceVersionDate "2021.10.06"]
[SourceQuality "1"]

1. e4 e6 2. d3 d5 3. Qe2 d4 4. Nf3 c5 5. g3 Nc6 6. Bg2 e5 7. 0-0 Bg4 8. h3 Bh5 9. a4 Nf6 10. Na3 Bd6 11. Nc4 0-0 12. Bg5 h6 13. Bxf6 Qxf6 14. Nxd6 Qxd6 15. Qd2 Bxf3 16. Bxf3 a6 17. Bg4 b5 18. f4 c4 19. fxe5 Nxe5 20. Be2 Rfc8 21. Rfd1 Nxd3 22. Kg2 Nxb2 23. Qxd4 Qxd4 24. Rxd4 Nxa4 25. Bxc4 Rd8 26. Bd5 Rac8 27. c4 Kf8 28. cxb5 axb5 29. Kf3 Rc3+ 30. Kf4 Nc5 31. Kg4 Nb3 32. Ra3 Rxg3+ 33. Kxg3 Nxd4 34. Ra7 f6 35. Rb7 Nf5+ 36. Kf4 Nd6 37. Rb6 Ke7 38. h4 g5+ 39. Kg4 h5+ 40. Kxh5 Rh8+ 41. Kg4 Rxh4+ 42. Kf3 Rh3+ 43. Kf2 Rc3 44. Ke2 Kd7 45. Rb8 Rc8 46. Rb6 Rc5 47. Rb8 f5 48. Ke3 fxe4 49. Bxe4 0-1

[Event "SRB-chT2 East"]
[Site "Zajecar"]
[Date "2013.10.11"]
[Round "2"]
[White "Stoimenov, Roki"]
[Black "Stankovic, Sara"]
[Result "1-0"]
[WhiteElo "2053"]
[BlackElo "1434"]
[PlyCount "55"]
[EventDate "2013.10.10"]
[EventType "team-swiss"]
[EventRounds "8"]
[EventCountry "SRB"]
[SourceTitle "EXT 2014"]
[Source "ChessBase"]
[SourceDate "2013.11.20"]
[SourceVersion "1"]
[SourceVersionDate "2013.11.20"]
[SourceQuality "1"]

1. Nf3 Nf6 2. g3 g6 3. Bg2 Bg7 4. d4 0-0 5. 0-0 d6 6. c4 Nc6 7. Nc3 e5 8. dxe5 Nxe5 9. Qb3 Rb8 10. Nxe5 dxe5 11. Qa3 a6 12. Rd1 Bd7 13. Bg5 Qc8 14. Nd5 Nxd5 15. cxd5 f6 16. Be3 b5 17. Rac1 Rd8 18. Qc5 Rb7 19. d6 c6 20. Bxc6 Bxc6 21. Qxc6 Qxc6 22. Rxc6 a5 23. Bb6 Rdd7 24. Rd5 Bf8 25. Rc7 Rbxc7 26. dxc7 Rxd5 27. c8Q Kg7 28. Qb7+ 1-0

[Event "SRB-chT3 Liga Sued CS"]
[Site "Serbia"]
[Date "2011.09.25"]
[Round "3"]
[White "Stoimenov, Roki"]
[Black "Petrovic, Dragan"]
[Result "1/2-1/2"]
[WhiteElo "2084"]
[BlackElo "2172"]
[PlyCount "112"]
[EventDate "2011.09.11"]
[EventType "team"]
[EventRounds "11"]
[EventCountry "SRB"]
[SourceTitle "EXT 2015"]
[Source "ChessBase"]
[SourceDate "2014.11.20"]
[SourceVersion "1"]
[SourceVersionDate "2014.11.20"]
[SourceQuality "1"]

1. Nf3 d6 2. d4 g6 3. g3 Bg7 4. Bg2 Nf6 5. Nbd2 0-0 6. 0-0 Nc6 7. e4 e5 8. d5 Ne7 9. b4 a5 10. bxa5 Rxa5 11. c4 b6 12. Qc2 Bd7 13. Bb2 Nh5 14. Bc3 Ra4 15. Rfb1 f5 16. Rb4 Ra7 17. a4 h6 18. Rb2 Qe8 19. a5 Qf7 20. Raa2 bxa5 21. Rxa5 Rxa5 22. Bxa5 fxe4 23. Nxe4 Bg4 24. Ne1 Nf5 25. Rb7 Ra8 26. Qd2 Nf6 27. Rxc7 Nxe4 28. Bxe4 Qf8 29. Kg2 Nd4 30. Bb4 Ra1 31. c5 Rd1 32. Qxd1 Bxd1 33. cxd6 Bf6 34. Nd3 Be2 35. d7 Bxd3 36. Rc8 Bxe4+ 37. Kg1 Qd8 38. Ba5 Nf3+ 39. Kf1 Kf7 40. Bxd8 Bxd8 41. Rxd8 Ke7 42. Rh8 Kxd7 43. Rxh6 Kd6 44. h4 Kxd5 45. Ke2 Nd4+ 46. Kd2 Bb1 47. g4 Be4 48. h5 gxh5 49. gxh5 Bf3 50. Rh8 Ke6 51. h6 Kf7 52. Ke3 Bc6 53. Rc8 Kg6 54. Rxc6+ Nxc6 55. f4 Kxh6 56. fxe5 Nxe5 1/2-1/2